[Event "Doeberl Cup 48th"]
[Site "Canberra"]
[Date "2010.04.02"]
[Round "4"]
[White "Schon, Eugene"]
[Black "Scott, Ronald"]
[Result "1-0"]
[WhiteElo "2126"]
[BlackElo "2266"]
[PlyCount "63"]
[EventDate "2010.04.01"]
[EventType "swiss"]
[EventRounds "9"]
[EventCountry "AUS"]
[SourceTitle "CBM 135 Extra"]
[Source "ChessBase"]
[SourceDate "2010.05.04"]
[SourceVersion "1"]
[SourceVersionDate "2010.05.04"]
[SourceQuality "1"]

1. e4 d6 2. d4 Nf6 3. Nc3 e5 4. Nge2 Nbd7 5. h3 h5 6. Be3 c6 7. g3 b5 8. a3 Bb7 9. Bg2 Be7 10. 0-0 Qc7 11. f4 a6 12. Qe1 c5 13. dxe5 dxe5 14. Nd5 Bxd5 15. exd5 Bd6 16. a4 b4 17. c3 bxc3 18. Nxc3 Rb8 19. Qe2 c4 20. fxe5 Nxe5 21. Kh1 Kf8 22. Bd4 Nd3 23. Ne4 Re8 24. Bxf6 gxf6 25. Rxf6 Bxg3 26. Raf1 Rh7 27. Qf3 Bh4 28. Qf5 Rg7 29. d6 Qb7 30. d7 Nf2+ 31. Rxf2 Rxe4 32. d8Q+ 1-0

[Event "Adelaide Freytag op"]
[Site "Adelaide"]
[Date "2009.07.05"]
[Round "7"]
[White "Chapman, Mark"]
[Black "Scott, Ronald"]
[Result "1/2-1/2"]
[WhiteElo "2290"]
[BlackElo "2193"]
[PlyCount "71"]
[EventDate "2009.07.04"]
[EventType "swiss"]
[EventRounds "7"]
[EventCountry "AUS"]
[SourceTitle "EXT 2023"]
[Source "ChessBase"]
[SourceDate "2022.10.05"]
[SourceVersion "1"]
[SourceVersionDate "2022.10.05"]
[SourceQuality "1"]

1. e4 e5 2. Nf3 d6 3. d4 Nf6 4. Nc3 Nbd7 5. Bc4 Be7 6. 0-0 c6 7. a4 Qc7 8. Ng5 0-0 9. Be3 h6 10. Nf3 Ng4 11. Bc1 Re8 12. h3 Ngf6 13. Re1 Nf8 14. b3 Ng6 15. dxe5 dxe5 16. Re3 Nf4 17. Nh2 Bd7 18. Qf1 Rad8 19. Rf3 Bc8 20. h4 Ne6 21. Bxe6 Bxe6 22. Be3 Qa5 23. Bc1 Rd7 24. Qe2 Red8 25. Rg3 Kh8 26. Nf1 Bc5 27. Bb2 Bd4 28. Re1 b5 29. axb5 cxb5 30. Ra1 Qb6 31. Re1 a6 32. Nd1 Rc8 33. Bc1 a5 34. Qf3 a4 35. bxa4 bxa4 36. Nfe3 1/2-1/2

[Event "Oceania zt"]
[Site "Gold Coast"]
[Date "2009.06.26"]
[Round "9"]
[White "Scott, Ronald"]
[Black "Steadman, Michael VR"]
[Result "0-1"]
[WhiteElo "2261"]
[BlackElo "2262"]
[PlyCount "112"]
[EventDate "2009.06.20"]
[EventType "swiss"]
[EventRounds "9"]
[EventCountry "AUS"]
[SourceTitle "CBM 130 Extra"]
[Source "ChessBase"]
[SourceDate "2009.07.02"]
[SourceVersion "2"]
[SourceVersionDate "2009.07.15"]
[SourceQuality "1"]

1. d4 g6 2. c4 Bg7 3. Nf3 c5 4. d5 d6 5. g3 b5 6. Nbd2 a6 7. Bg2 Nd7 8. 0-0 Nb6 9. e4 e6 10. Qb3 Ne7 11. cxb5 exd5 12. exd5 0-0 13. Rd1 axb5 14. Qxb5 Bd7 15. Qd3 Ba4 16. Re1 Nexd5 17. a3 Qd7 18. Rb1 Bb5 19. Qc2 Rfe8 20. Ne4 f5 21. Neg5 Rxe1+ 22. Nxe1 Re8 23. Nef3 h6 24. Nh3 g5 25. Bxg5 hxg5 26. Nhxg5 Re2 27. Qd1 Rxb2 28. Rxb2 Bxb2 29. Nh4 Bd4 30. Qh5 Nf6 31. Qg6+ Qg7 32. Qxf5 Bd7 33. Qf4 Be5 34. Qc1 Ng4 35. h3 Nh6 36. f4 Bd4+ 37. Kh2 Nf7 38. Ngf3 Bb2 39. Qe1 Qc3 40. Qe4 Qf6 41. Qb7 d5 42. Ng5 Bxa3 43. Bxd5 Nxd5 44. Qxd7 Ne7 45. Ne6 c4 46. g4 Ng6 47. Nxg6 Qxg6 48. Qc8+ Kh7 49. Qxc4 Bd6 50. Kg2 Qf6 51. Qe4+ Kg8 52. g5 Qb2+ 53. Kg3 Qb3+ 54. Kh4 Nh8 55. g6 Be7+ 56. Kh5 Qxh3# 0-1

[Event "Oceania zt"]
[Site "Gold Coast"]
[Date "2009.06.25"]
[Round "8"]
[White "West, Guy"]
[Black "Scott, Ronald"]
[Result "1/2-1/2"]
[WhiteElo "2343"]
[BlackElo "2261"]
[PlyCount "175"]
[EventDate "2009.06.20"]
[EventType "swiss"]
[EventRounds "9"]
[EventCountry "AUS"]
[SourceTitle "CBM 130 Extra"]
[Source "ChessBase"]
[SourceDate "2009.07.02"]
[SourceVersion "2"]
[SourceVersionDate "2009.07.15"]
[SourceQuality "1"]

1. e4 e5 2. Nf3 d6 3. d4 Nf6 4. dxe5 Nxe4 5. Be3 Nd7 6. Qd4 f5 7. exd6 Nxd6 8. Nc3 Nf6 9. 0-0-0 Be6 10. Bf4 Be7 11. Bb5+ Bd7 12. Bc4 Bc6 13. Ng5 Nh5 14. Rhe1 Nxf4 15. Qxf4 h6 16. Ne6 Qd7 17. Kb1 g5 18. Qe5 Rh7 19. Ng7+ Kf8 20. Be6 Qd8 21. Nh5 Be8 22. Bxf5 Bxh5 23. Bxh7 Bf6 24. Qe6 Kg7 25. Bd3 Bxd1 26. Nxd1 Qe8 27. Qxe8 Rxe8 28. Rxe8 Nxe8 29. c3 Be5 30. g3 Nd6 31. Kc2 h5 32. Ne3 c6 33. Be2 Kg6 34. Kd3 h4 35. Bg4 Bg7 36. b3 Kf6 37. c4 hxg3 38. hxg3 b6 39. c5 bxc5 40. Bd7 Nf7 41. f4 gxf4 42. gxf4 Nd8 43. Nf5 Bf8 44. Ng3 Bh6 45. Ke3 Bf8 46. Ne4+ Ke7 47. Bc8 Nf7 48. Nxc5 Bh6 49. Nd3 Nd6 50. Ba6 Nf5+ 51. Ke4 Ng3+ 52. Kf3 Nf5 53. Ne5 Nd4+ 54. Ke4 Ne6 55. Bc4 Nd8 56. Ng4 Bg7 57. Ne3 Bb2 58. Nf5+ Kd7 59. Ne3 Ke7 60. Ng4 Bc3 61. Be2 Bb2 62. Bf3 Ne6 63. Ne5 Nd8 64. Kf5 c5 65. Bd5 Bc1 66. Nc4 Kd7 67. Ke4 Ke7 68. Ke5 a6 69. a3 Kd7 70. f5 Bh6 71. f6 Bf8 72. Kf5 Bh6 73. Kg6 Bf8 74. Kh7 Nc6 75. Bxc6+ Kxc6 76. Kg8 Bh6 77. Ne3 Bxe3 78. Kg7 c4 79. bxc4 a5 80. f7 Bc5 81. f8Q Bxf8+ 82. Kxf8 a4 83. Ke7 Kc5 84. Ke6 Kxc4 85. Ke5 Kb3 86. Kd4 Kxa3 87. Kc3 Ka2 88. Kc2 1/2-1/2

[Event "Oceania zt"]
[Site "Gold Coast"]
[Date "2009.06.24"]
[Round "7"]
[White "Scott, Ronald"]
[Black "Rujevic, Mirko"]
[Result "1-0"]
[WhiteElo "2261"]
[BlackElo "2282"]
[PlyCount "43"]
[EventDate "2009.06.20"]
[EventType "swiss"]
[EventRounds "9"]
[EventCountry "AUS"]
[SourceTitle "CBM 130 Extra"]
[Source "ChessBase"]
[SourceDate "2009.07.02"]
[SourceVersion "2"]
[SourceVersionDate "2009.07.15"]
[SourceQuality "1"]

1. e4 e5 2. Nf3 Nc6 3. Bb5 a6 4. Bxc6 dxc6 5. 0-0 Bg4 6. h3 Bxf3 7. Qxf3 Qh4 8. Qb3 0-0-0 9. d3 Qf6 10. Be3 Ne7 11. Nd2 Ng6 12. Nc4 c5 13. Qc3 Qe6 14. a3 Nf4 15. Qxe5 Ne2+ 16. Kh1 Bd6 17. Qxe6+ fxe6 18. c3 Rhf8 19. Nxd6+ cxd6 20. g3 Rf3 21. Kg2 Rdf8 22. Rae1 1-0

[Event "Adelaide Checkmate op"]
[Site "Adelaide"]
[Date "2008.07.07"]
[Round "5"]
[White "Scott, Ronald"]
[Black "Wedding, Robin"]
[Result "1-0"]
[WhiteElo "2241"]
[BlackElo "1937"]
[PlyCount "53"]
[EventDate "2008.07.05"]
[EventType "swiss"]
[EventRounds "7"]
[EventCountry "AUS"]
[SourceTitle "EXT 2023"]
[Source "ChessBase"]
[SourceDate "2022.10.05"]
[SourceVersion "1"]
[SourceVersionDate "2022.10.05"]
[SourceQuality "1"]

1. e4 e6 2. d4 d5 3. Nc3 Bb4 4. a3 Bxc3+ 5. bxc3 Ne7 6. Qg4 0-0 7. e5 c5 8. Bd3 Nbc6 9. Nf3 f5 10. exf6 Rxf6 11. Bg5 Rf7 12. Qh4 h6 13. Bxe7 Rxe7 14. 0-0 c4 15. Bg6 Bd7 16. Rfe1 Qc7 17. Re3 Be8 18. Bh5 Bxh5 19. Qxh5 Rae8 20. Rae1 Qa5 21. g4 Nd8 22. Ne5 Qxa3 23. h4 Nf7 24. Ng6 Rd7 25. Rxe6 Red8 26. Re8+ Kh7 27. Qf5 1-0

[Event "Adelaide Checkmate op"]
[Site "Adelaide"]
[Date "2007.07.07"]
[Round "4"]
[White "Scott, Ronald"]
[Black "Johansen, Darryl Keith"]
[Result "1/2-1/2"]
[WhiteElo "2172"]
[BlackElo "2445"]
[PlyCount "66"]
[EventDate "2007.07.07"]
[EventType "swiss"]
[EventRounds "7"]
[EventCountry "AUS"]
[SourceTitle "EXT 2010"]
[Source "ChessBase"]
[SourceDate "2010.11.25"]
[SourceVersion "1"]
[SourceVersionDate "2010.11.25"]
[SourceQuality "1"]

1. e4 c5 2. Nf3 e6 3. d4 cxd4 4. Nxd4 Nc6 5. Nc3 d6 6. Bc4 Nf6 7. 0-0 Be7 8. Kh1 0-0 9. Bb3 Na5 10. Bg5 b6 11. f4 Bb7 12. Bxe6 fxe6 13. Nxe6 Qd7 14. Nxf8 Bxf8 15. Qd3 Qe6 16. Rae1 Re8 17. Bxf6 Qxf6 18. b4 Nc6 19. Nd5 Qf7 20. c4 Nb8 21. Re3 Nd7 22. a3 Rc8 23. Kg1 h6 24. Rg3 Nf6 25. Qd4 Be7 26. Nxe7+ Qxe7 27. e5 dxe5 28. fxe5 Ne4 29. Rg4 Rd8 30. Qe3 Qxe5 31. Re1 Rd4 32. Qxh6 Rxc4 33. Qe3 Bd5 1/2-1/2

[Event "Adelaide University op"]
[Site "Adelaide"]
[Date "2004.07.11"]
[Round "6"]
[White "Juszczynski, Mathew"]
[Black "Scott, Ronald"]
[Result "0-1"]
[WhiteElo "1738"]
[BlackElo "2221"]
[PlyCount "52"]
[EventDate "2004.07.10"]
[EventType "swiss"]
[EventRounds "7"]
[EventCountry "AUS"]
[SourceTitle "EXT 2006"]
[Source "ChessBase"]
[SourceDate "2005.11.24"]
[SourceVersion "1"]
[SourceVersionDate "2005.11.24"]
[SourceQuality "1"]

1. c4 c5 2. Nc3 b6 3. Nf3 Bb7 4. e4 Nc6 5. d4 cxd4 6. Nxd4 e6 7. Be2 Qc7 8. 0-0 Nf6 9. a3 Be7 10. Be3 0-0 11. Qc2 Rac8 12. f4 Nxd4 13. Bxd4 d5 14. cxd5 exd5 15. e5 Ne4 16. Qd3 Nxc3 17. bxc3 Bc5 18. Rad1 Bc6 19. f5 Qxe5 20. Qf3 Rfe8 21. Rfe1 Bxd4+ 22. cxd4 Qe3+ 23. Kh1 Ba4 24. Qxe3 Rxe3 25. Rb1 Rce8 26. Rb2 Bd7 0-1

[Event "Adelaide University op"]
[Site "Adelaide"]
[Date "2003.07.12"]
[Round "3"]
[White "Scott, Ronald"]
[Black "Szuveges, Narelle"]
[Result "1-0"]
[WhiteElo "2179"]
[BlackElo "1938"]
[PlyCount "77"]
[EventDate "2003.07.??"]
[EventType "swiss"]
[EventRounds "7"]
[EventCountry "AUS"]
[SourceTitle "EXT 2005"]
[Source "ChessBase"]
[SourceDate "2004.11.15"]
[SourceVersion "1"]
[SourceVersionDate "2004.11.15"]
[SourceQuality "1"]

1. Nf3 g6 2. e4 Bg7 3. d4 d6 4. Bc4 Nf6 5. Nc3 0-0 6. Qe2 c6 7. h3 b5 8. Bd3 a6 9. 0-0 Qc7 10. Bf4 Nh5 11. Bh2 e5 12. dxe5 dxe5 13. a4 b4 14. Nb1 a5 15. Nbd2 Nf4 16. Bxf4 exf4 17. e5 Na6 18. Rfe1 Nc5 19. Bc4 Be6 20. Nb3 Bxc4 21. Qxc4 Ne6 22. Rad1 Rfd8 23. Nbd4 Nxd4 24. Rxd4 Rxd4 25. Qxd4 Bh6 26. Qc4 Re8 27. e6 Rxe6 28. Rxe6 fxe6 29. Qxe6+ Kf8 30. Ne5 Qe7 31. Nd7+ Ke8 32. Nf6+ Kd8 33. Qxe7+ Kxe7 34. Ng8+ Kd6 35. Nxh6 b3 36. c3 f3 37. gxf3 Kc5 38. Kf1 Kc4 39. Ke2 1-0